000
00464nam a2200169Ia 4500
008
090711s9999 xx 000 0 und d
082
_b
75169
100
_a
हरकारे अरुण
245
_a
कलुषित मन
260
_c
1990
300
_a
171
600
_a
हरकारे अरुण
630
_a
कलुषित मन
700
_a
हरकारे अरुण
730
_a
कलुषित मन
942
_c
BOOK
999
_c
295497
_d
295497